|
|
|
|
| LEADER |
00706nab a2200193 i 4500 |
| 001 |
acta24087 |
| 005 |
20210601134112.0 |
| 008 |
161017s1978 hu o 0|| eng d |
| 022 |
|
|
|a 0001-6721
|
| 040 |
|
|
|a SZTE Egyetemi Kiadványok Repozitórium
|b hun
|
| 041 |
|
|
|a eng
|
| 100 |
1 |
|
|a Weitkamp J.
|
| 245 |
1 |
0 |
|a Isomerization of the methylnonanes and 2-methyloctane on a bifunctional zeolyte catalyst
|h [elektronikus dokumentum] /
|c Weitkamp J.
|
| 260 |
|
|
|c 1978
|
| 300 |
|
|
|a 327-333
|
| 490 |
0 |
|
|a Acta physica et chemica
|v 24 No. 1-2
|
| 695 |
|
|
|a Természettudomány, Kémia, Fizika
|
| 700 |
0 |
1 |
|a Farag H.
|e aut
|
| 856 |
4 |
0 |
|u http://acta.bibl.u-szeged.hu/24087/1/phys_chem_024_fasc_001_002_327-333.pdf
|z Dokumentum-elérés
|